Estudio comparativo de la diversidad genetica y divergencia evolutiva entre la especie vulnerable Colombobalnus excelsa (Lozano e.t. al.) Nixon y Crepet y el roble común Quercus Humboltii Bonspi.: Implicaciones para la biología de la conservación. (Registro nro. 20515)

Detalles MARC
000 -CABECERA
Campo de control 01096nam a22002297a 4500
005 - FECHA Y HORA DE LA ULTIMA TRANSACCION
Campo de control 20191024042408.0
008 - ELEMENTOS DE LONGITUD FIJA—INFORMACION GENERAL
Campo de control 191024b xxu||||| |||| 00| 0 spa d
040 ## - FUENTE DE CATALOGACIÓN
Agencia catalogadora original CO-BoIAVH
Agencia transcriptora CO-BoIAVH
041 ## - IDIOMA
Código de idioma para texto/pista de sonido o título separado Español
044 ## - PAÍS DE PUBLICACIÓN
País de publicación Colombia
100 1# - ASIENTO PRINCIPAL--NOMBRE PERSONAL
9 (RLIN) 98412
Nombre personal Fernández Manjarrés, Juan Fernando
Término relacionado Investigador principal
245 ## - MENCION DE TITULO
Título Estudio comparativo de la diversidad genetica y divergencia evolutiva entre la especie vulnerable Colombobalnus excelsa (Lozano e.t. al.) Nixon y Crepet y el roble común Quercus Humboltii Bonspi.: Implicaciones para la biología de la conservación.
Parte restante del título Informe final.
260 ## - PUBLICACION, DISTRIBUCION, ETC. (PIE DE IMPRENTA)
Lugar de publicación, distribución, etc. Santiago de Cali:
Nombre del editor, distribuidor, etc. Universidad Nacional de Colombia,
Fecha de publicación, distribución, etc. 2003.
300 ## - DESCRIPCION FISICA
Extensión 72 Páginas:
Otros detalles físicos tablas y gráficos,
Dimensiones 27 x 22 cm.
500 ## - NOTA GENERAL
Nota general Tesis (Maestría Ciencias) - Universidad Nacional de Colombia
650 #0 - ASIENTO SECUNDARIO DE MATERIA - TERMINO TEMATICO
9 (RLIN) 2003
Término temático o nombre geográfico como elemento de entrada Diversidad genética
650 #0 - ASIENTO SECUNDARIO DE MATERIA - TERMINO TEMATICO
9 (RLIN) 3740
Término temático o nombre geográfico como elemento de entrada Biología de la conservación
650 #0 - ASIENTO SECUNDARIO DE MATERIA - TERMINO TEMATICO
9 (RLIN) 2469
Término temático o nombre geográfico como elemento de entrada Especies forestales
700 ## - ASIENTO SECUNDARIO - NOMBRE PERSONAL
9 (RLIN) 4961
Nombre personal Palacio Mejia, Juan Diego
Término de relación Coinvestigador
700 ## - ASIENTO SECUNDARIO - NOMBRE PERSONAL
9 (RLIN) 14099
Nombre personal Sánchez Baracaldo, Patricia
Término de relación Coinvestigador
942 ## - ELEMENTOS ADICIONALES (KOHA)
Sistema de clasificación Dewey Decimal Classification
Tipo de ítem Informe Técnico
Existencias
Withdrawn status Lost status Sistema de Clasificación Damaged status No para préstamo Ubicación Permanente Ubicación actual Fecha de adquisición Total Checkouts Número topográfico Inventario / Código de Barras Date last seen Ejemplar Price effective from Forma de adquisición Tipo de material
    Dewey Decimal Classification     Bogotá Bogotá 24/10/2019   LB-5921 043624 24/10/2019 Ej.1 24/10/2019 Donación Informe Técnico